| 000 | 00711nmc a2200277 a 4500 | ||
|---|---|---|---|
| 003 | AR-BaBNM | ||
| 005 | 20251128205345.0 | ||
| 008 | 187019s1993 ||||||||||||||000 | spa|| | ||
| 020 | _a84-7522-16-9 | ||
| 040 | _cAR-BaBNM | ||
| 100 | 1 | _aMayakovsky, Vladimir | |
| 245 | 1 | 0 |
_aPoemas _b1913-1916 |
| 250 | _a2ª ed. | ||
| 260 |
_aMadrid _bVisor _c1993 |
||
| 300 | 0 | _a130 p. | |
| 490 | 0 |
_aVisor de poesía _vv. 16 |
|
| 650 | 4 | _aLITERATURA RUSA | |
| 650 | 4 | _aLITERATURA CONTEMPORANEA | |
| 650 | 4 | _aANTOLOGIAS | |
| 653 | 0 | _aVANGUARDIAS LITERARIAS | |
| 655 | _aLITERATURA | ||
| 700 | 1 |
_aTrotsky, Leon _eprologuista |
|
| 700 | 1 |
_aFernández Sánchez, José _etraductor |
|
| 942 | _cBK | ||
| 998 | _cMARTIN | ||
| 999 |
_c11074 _d11074 |
||